000 00884nam a2200253Ia 4500
005 20230505154720.0
008 210716s2004 xx 000 0 und d
020 _a8178080575
040 _cAIMIT LIBRARY
041 _aeng
082 _a004.694
_21
_bKALR
100 _aKalakota, Ravi.
_999100
245 _aFrontiers of electonic commerce /
_cBy Ravi Kalakota and Andrew B Whinston.
250 _a1st ed.
260 _aNew Delhi :
_bPearson Education ,
_c2004.
300 _axiv,850p. ;
_bPB
_c24 cm.
650 _aNetwork infrastructure for electronic commerce
_999101
650 _aBusiness of internet commercialization
_999102
650 _aNetwork security and firewalls
_999103
650 _aIntraorganizational electronic commerce
_999104
650 _aElectronic payment systems
_999105
700 _aWhinston, Andrew B.
_999106
942 _2ddc
_cBK
_e1st
_k004.694 KALR
999 _c186825
_d186825